000 00745nam a2200217 i 4500
001 125232
003 ES-MaACL
005 20250825062603.0
007 t|
008 070508s1929 sp ||||1| spa d
080 _a821.134.2-23"19"
100 1 _aLuca de Tena, Juan Ignacio,
_d1897-1975
_974513
245 1 4 _aLas hogueras de San Juan
_b: drama en tres actos y en prosa /
_cJuan Ignacio Luca de Tena.
260 _aMadrid :
_bPrensa Moderna,
_c1929.
300 _a61 p. ;
_c17 cm.
490 1 _aEl Teatro moderno ;
_v186
500 _aSe estrenó en el Teatro Español, de Madrid, el 5 de marzo de 1929.
830 0 3 _aEl teatro moderno (Prensa Moderna)
_v186
_9182365
852 _aES-MaACL
_j2228-F-5
_bR.140828
999 _c125232
_d125232